000 00906cam a2200205 4500
001 WB3917-10
008 030506n2003 000 0 eng u
035 _a(Sirsi) u122196
245 _aSafety higher on corporate priorities agenda
260 _c2003
490 _aHealth and Safety Bulletin
_v(318) May 2003, 2(1)
520 _aWorkplace safety is increasingly being seen as a corporate priority, according to a MORI poll carried out for the British Safety Council (BSC). One in five (21%) industry leaders singled out improving workplace safety compared with 16% in a similar survey in 2001 and 13% in 2000. "Attitudes of Britain's captains for industry", http://www.britishsafetycouncil.org
590 _aWB
650 _aWORKPLACE RISK ASSESSMENT
650 _aMORI
650 _aSAFETY STANDARDS
650 _aDIRECTORS RESPONSIBILITIES
690 _aHealth and safety
_96244
942 _n0
999 _c72624
_d72624